| 000 | 00771nam a22002297i 4500 | ||
|---|---|---|---|
| 999 |
_c23129 _d23129 |
||
| 003 | AR-CdUCM | ||
| 008 | 241115b20202020 pe||||| |||| 00| 0 spa d | ||
| 020 | _a978-612-47510-6-6 | ||
| 040 |
_aMUNICIPALIDAD PROVINCIAL DEL CUSCO _cBIBLIOTECA MUNICIPAL DEL CUSCO |
||
| 041 | _hspa | ||
| 082 |
_a869.57 / L45 _bL45 |
||
| 100 |
_aLeón Ramos, Esteban _950819 |
||
| 245 | _aMemorias de lo prohibido / | ||
| 260 |
_aCusco : _bRoyer Capcha Quejias Editorial E.I.R.L. _c2020 |
||
| 300 |
_a77 páginas. : _c20 cm. |
||
| 505 | _aDe Huámbar memorias de lo prohibido: 87 años de novela apurimeña -- Memorias de lo prohibido | ||
| 650 |
_aNovela _950820 |
||
| 650 |
_aNarrativa _967 |
||
| 650 |
_aVivencias _950821 |
||
| 942 |
_2ddc _cLIBROS |
||
| 945 |
_apbj _d15-11-2024 |
||